000 00276nam a2200109Ia 4500
008 200302s9999 xx 000 0 und d
100 _aKaren A.Vagts
245 _aManaging Autocad In The Design Firm
260 _bAddison-Wesley Publishing Co
260 _c1996
300 _a490 P
999 _c4759
_d4759